Krajina a klima ve vzájemných souvislostech /

Hlavní autor: Středová, Hana
Korporativní autor: Mendelova univerzita
Jazyk: Čeština
Vydáno: Brno : Mendelova univerzita v Brně, 2016
Vydání: Vydání: první
Témata:
Fyzický popis: 183 stran : ilustrace (převážně barevné), mapy, plány ; 26 cm
Language note: Anglické resumé
Knihy
Uloženo v:
LEADER 02831nam a2200733 i 4500
001 nkc20172883876
003 CZ PrNK
005 20180622165546.0
007 ta
008 170303s2016 xr abe f 000 0 cze
015 |a cnb002883876 
020 |a 978-80-7509-448-3  |q (brožováno) 
035 |a (OCoLC)1019662793 
040 |a BOA001  |b cze  |e rda 
041 0 |a cze  |b eng 
043 |a e-xr--- 
072 7 |a 551  |x Geologie. Meteorologie. Klimatologie  |2 Konspekt  |9 7 
080 |a 551.583  |2 MRF 
080 |a 551.501  |2 MRF 
080 |a 502.5  |2 MRF 
080 |a 911.5  |2 MRF 
080 |a 502/504  |2 MRF 
080 |a 911.53:63  |2 MRF 
080 |a 911.53:711.4  |2 MRF 
080 |a (437.3)  |2 MRF 
080 |a (048.8:082)  |2 MRF 
100 1 |a Středová, Hana  |7 ola2011627303  |4 aut 
245 1 0 |a Krajina a klima ve vzájemných souvislostech /  |c Hana Středová a kol. 
250 |a Vydání: první 
264 1 |a Brno :  |b Mendelova univerzita v Brně,  |c 2016 
300 |a 183 stran :  |b ilustrace (převážně barevné), mapy, plány ;  |c 26 cm 
336 |a text  |b txt  |2 rdacontent 
337 |a bez média  |b n  |2 rdamedia 
338 |a svazek  |b nc  |2 rdacarrier 
500 |a 200 výtisků 
504 |a Obsahuje bibliografii 
546 |a Anglické resumé 
650 0 7 |a klimatické podmínky  |7 ph189269  |z Česko  |2 czenas 
650 0 7 |a meteorologická měření  |7 ph162494  |z Česko  |2 czenas 
650 0 7 |a krajina  |7 ph115006  |z Česko  |2 czenas 
650 0 7 |a krajina  |7 ph115006  |x environmentální aspekty  |2 czenas 
650 0 7 |a zemědělská krajina  |7 ph116758  |z Česko  |2 czenas 
650 0 7 |a zemědělská krajina  |7 ph116758  |x environmentální aspekty  |2 czenas 
650 0 7 |a městská krajina  |7 ph948131  |z Česko  |2 czenas 
650 0 7 |a městská krajina  |7 ph948131  |x environmentální aspekty  |2 czenas 
650 0 7 |a krajinná ekologie  |7 ph115007  |2 czenas 
650 0 9 |a climatic conditions  |z Czechia  |2 eczenas 
650 0 9 |a meteorological measurements  |z Czechia  |2 eczenas 
650 0 9 |a landscape  |z Czechia  |2 eczenas 
650 0 9 |a landscape  |x environmental aspects  |2 eczenas 
650 0 9 |a agricultural landscape  |z Czechia  |2 eczenas 
650 0 9 |a agricultural landscape  |x environmental aspects  |2 eczenas 
650 0 9 |a urban landscape  |z Czechia  |2 eczenas 
650 0 9 |a urban landscape  |x environmental aspects  |2 eczenas 
650 0 9 |a landscape ecology  |2 eczenas 
655 7 |a kolektivní monografie  |7 fd501537  |2 czenas 
655 9 |a collective monographs  |2 eczenas 
710 2 |a Mendelova univerzita  |7 ko2010541433  |4 isb 
910 2 |a BOA001  |b 2-1386.471 
990 |a BK 
995 |a 01 
991 |b 201703  |c NOV 
996 6 |b 2610701666  |c 2-1386.471  |l MZK  |r Sklad / do 1 hodiny  |n 2  |p p.v.  |w 001604559  |u 000010  |a 1  |e BOA001  |j MZK50  |s P 
996 7 |b 2610701667  |c 2-1386.471  |l Vol.výběr  |r VV 0p  |n 15  |p p.v.  |h 551.5 STŘ  |w 001604559  |u 000020  |a 0  |e BOA001  |j MZK50  |s A